Maʻarekhet medaʻ le-sherute ha-ḥinukh: (maṭarot, ʻeḳronot ṿe-tokhnit): duaḥ mugash le-rosh ha-ʻir Shelomoh Lahaṭ /
Saved in:
| Corporate Author: | |
|---|---|
| Other Authors: | |
| Format: | Book |
| Language: | Hebrew |
| Published: |
Tel-Aviv :
ʻIriyat Tel-Aviv, Ṿaʻadah ha-miḳtsoʻit le-ḳidum sherute ha-hinukh ṿeha-tarbut,
739, 1978.
|
| Subjects: | |
| Tags: |
Add Tag
No Tags, Be the first to tag this record!
|
| LEADER | 00817nam a22001817a 4500 | ||
|---|---|---|---|
| 001 | 005326331-6 | ||
| 005 | 20020606095253.2 | ||
| 008 | 850102s1978 is |||| |||| 00||||heb|d | ||
| 035 | 0 | |a ocm32079601 | |
| 110 | 1 | |a Tel Aviv (Israel). |b Ṿaʻadah ha-miḳtsoʻit ha-meyaʻetset le-ḳidum sherute ha-hinukh ṿeha-tarbut. | |
| 245 | 1 | 0 | |a Maʻarekhet medaʻ le-sherute ha-ḥinukh: |b (maṭarot, ʻeḳronot ṿe-tokhnit): duaḥ mugash le-rosh ha-ʻir Shelomoh Lahaṭ / |c ʻa. y. Mordekhai Ṿerṭhaimer. |
| 260 | 0 | |a Tel-Aviv : |b ʻIriyat Tel-Aviv, Ṿaʻadah ha-miḳtsoʻit le-ḳidum sherute ha-hinukh ṿeha-tarbut, |c 739, 1978. | |
| 300 | |a 25 leaves ; |c 28 cm. | ||
| 650 | 0 | |a Education |x Aims and objectives |z Israel |z Tel Aviv. | |
| 700 | 1 | |a Ṿerṭhaimer, Mordekhai. | |
| 752 | |a Israel |d Tel Aviv | ||
| 988 | |a 20020608 | ||
| 906 | |0 MH | ||


